01133nam a2200265 a 450000100100000000500170001000800410002702000150006804000250008308200230010810000440013124501410017525000120031626000450032830000390037350000710041250400310048365000350051465000500054965000550059970000450065491000330069995201200073299900150085200000418520200929150738.0090720s2007 dr ad 001 0 spa d a9993423599 aDO-SdBNPbspacBNPHU a371.3bG993o, 20071 aGuzmán de Camacho, Ana Dolores91235110aOrientaciones didácticas para el proceso enseñanza-aprendizaje /cAna Dolores Guzmán de Camacho, Milagros Concepción Calderón. a4ª ed. aSanto Domingo :bAmigo del Hogar,c2007. a241 p. :bil., gráfcs. ;c24 cm. aIncluye datos bibliográficos de las autoras en la contraportada. aBibliografía: p.233-241. 4aMétodos de enseñanza92196 4aPedagogíaxTécnicas de enseñanza912352 4aPsicología del aprendizajexMetodología9123531 aConcepción Calderón, Milagros912354 aValidado. Control de calidad 0010718PDaPDbPDcHDd2009-07-20iLF1l0o371.3 G993o, 2007p4185-10r2020-06-25w2020-06-25yLFPDZNo se presta c4000d4000